000 01149nam0a22002651 4500
001 rc\910171
005 20260407092104.0
035 _a(NLR Aleph) 006085010
090 _a5117298
_c5117298
100 _a20041129d1984 |||y0rusy50 ca
101 0 _arus
102 _aRU
105 _aa |||||||||
200 1 _aНовое в геологии Дальнегорского рудного района
_eСб. науч. тр.
_fАН СССР, Дальневост. науч. центр, Дальневост. геол. ин-т
_g[Отв. ред. Е.В. Краснов, Г.И. Бурий]
210 _aВладивосток
_cДВНЦ АН СССР
_d1984
215 _a191 с.
_cил.
_d22
320 _aБиблиогр. в конце ст.
702 1 _4340
_7ca
_8rus
_aКраснов
_bЕ. В.
_f1933-
_gЕвгений Васильевич
_9247327
_3RU\NLR\AUTH\770247383
712 0 2 _aДальневосточный геологический институт
_cВладивосток
_9309750
_3RU\NLR\AUTH\8818276
801 0 _aRU
_bNLR
_gpsbo
801 1 _aRU
_bELAR
_2rusmarc
852 _aNLR
_j85-5/5043
942 _cBOOK
980 _aNB